Normal view
MARC view
- الخواجا،عبد الفتاح
Entry Personal Name
001 - CONTROL NUMBER
- control field: 29288
003 - CONTROL NUMBER IDENTIFIER
- control field: JO-AjAnu
005 - DATE AND TIME OF LATEST TRANSACTION
- control field: 20230606074943.0
008 - FIXED-LENGTH DATA ELEMENTS
- fixed length control field: 230606|| aca||aabn | a|a d
040 ## - CATALOGING SOURCE
- Original cataloging agency: JO-AjAnu
- Transcribing agency: JO-AjAnu
100 ## - HEADING--PERSONAL NAME
- Personal name: الخواجا،عبد الفتاح
670 ## - SOURCE DATA FOUND
- Source citation: Work cat.: (JO-AjAnu)15034: الخواجا،عبد الفتاح, author, مقدمة في الإرشاد والعلاج الجماعي:بناء البرامج الإرشادية